The non-linear field theories of mechanics / (Record no. 9464)
[ view plain ]
| 000 -LEADER | |
|---|---|
| fixed length control field | 00943nac a22002771u 4500 |
| 010 ## - | |
| -- | 92003947 |
| 020 ## - INTERNATIONAL STANDARD BOOK NUMBER | |
| International Standard Book Number | 3540550984 (Berlin : acid-free paper) : |
| 020 ## - INTERNATIONAL STANDARD BOOK NUMBER | |
| International Standard Book Number | 0387550984 (New York : acid-free paper) |
| 082 00 - DEWEY DECIMAL CLASSIFICATION NUMBER | |
| Classification number | 531 |
| Item number | TRU |
| 090 ## - LOCALLY ASSIGNED LC-TYPE CALL NUMBER (OCLC); LOCAL CALL NUMBER (OCLC) | |
| -- | 9464 |
| -- | 9464 |
| 100 ## - MAIN ENTRY--PERSONAL NAME | |
| Personal name | Truesdell, C. |
| 245 14 - TITLE STATEMENT | |
| Title | The non-linear field theories of mechanics / |
| Statement of responsibility, etc | C. Truesdell, W. Noll. |
| 250 ## - EDITION STATEMENT | |
| Edition statement | 2nd ed. |
| 260 ## - | |
| -- | Berlin ; |
| -- | New York : |
| -- | Springer-Verlag,1992. |
| -- | c1992. |
| 300 ## - PHYSICAL DESCRIPTION | |
| Extent | x, 591 p. : |
| Other physical details | ill. ; |
| Dimensions | 25 cm. |
| 336 ## - CONTENT TYPE | |
| Source | rdacontent |
| Content type term | text |
| Content type code | txt |
| 337 ## - MEDIA TYPE | |
| Media type term | unmediated |
| Source | rdamedia |
| Media type code | n |
| 338 ## - CARRIER TYPE | |
| Carrier type term | volume |
| Carrier type code | nc |
| Source | rdacarrier |
| 500 ## - GENERAL NOTE | |
| General note | Distributer: Al-Ahram |
| 504 ## - BIBLIOGRAPHY, ETC. NOTE | |
| Bibliography, etc | Includes bibliographical references (p. 542-578) and indexes. |
| 511 ## - | |
| -- | Catalogued by: Sara |
| 650 #0 - SUBJECT ADDED ENTRY--TOPICAL TERM | |
| Topical term or geographic name as entry element | Continuum mechanics. |
| 650 #0 - SUBJECT ADDED ENTRY--TOPICAL TERM | |
| Topical term or geographic name as entry element | Nonlinear mechanics. |
| 700 1# - ADDED ENTRY--PERSONAL NAME | |
| Personal name | Noll, W. |
| Fuller form of name | (Walter), |
| Dates associated with a name | 1925- |
| 942 ## - ADDED ENTRY ELEMENTS (KOHA) | |
| Koha item type | Book - Borrowing |
| Call number prefix | 531TRU |
| Classification part | RDA-MOD |
| Withdrawn status | Lost status | Damaged status | Not for loan | Home library | Current library | Shelving location | Date acquired | Source of acquisition | Total Checkouts | Full call number | Barcode | Date last seen | Price effective from | Koha item type |
|---|---|---|---|---|---|---|---|---|---|---|---|---|---|---|
| Central Library | Central Library | First floor | 08/05/2013 | Purchase | 531TRU | 000011495 | 15/07/2025 | 13/05/2008 | Book - Borrowing |